Countries where college is free - Statistics

General Stats
  • This quiz has been taken 44 times
  • The average score is 12 of 15
Answer Stats
Country % Correct
Finland
95%
Germany
95%
Sweden
95%
Denmark
93%
Norway
93%
Austria
83%
France
83%
Spain
83%
Belgium
78%
Greece
75%
Czech Republic
68%
Estonia
65%
Slovakia
65%
Slovenia
63%
Turkey
40%
No matching quizzes found
Score Distribution
Percent of People with Each Score
Percentile by Number Answered
Your Score History
You have not taken this quiz